00464nam a2200169 a 4500001001300000003000900013005001700022008004100039020002300080082001800103100002000121245003700141260004700178300000900225500003500234650002500269nice12345678IN_TiNIC20260116014450.0070416s2003 newa grp 000 0 eng  a8176494615 c39500a954.0072bGAN aGanguly, Sumith aUnderstanding Contemporary India aNew Delhi bViva Books, 3rd Edition c2003 a313p aincludes index and biblioraphy aIndia-Historiography